000 00519nam a22001817a 4500
005 20251108171041.0
008 250721s1999 xx 000 0 ara d
082 1 4 _a811.9565/ملح
100 1 _aملحس، ثريا
245 1 0 _aنوارس تراكمت على الثلوج الحمراء /
264 1 _aعمان :
_bدار البشير،
_c1999.
300 _a175ص.
650 1 7 _aالأدب العربي
650 1 7 _aالشعر العربي
650 1 7 _aالأردن
942 _2ddc
_cBK
999 _c55324
_d55324